AH International Schools' Libraries

Over 1000 facts: (Record no. 50377)

MARC details
000 -LEADER
fixed length control field 00386nam a2200121 4500
020 ## - INTERNATIONAL STANDARD BOOK NUMBER
International Standard Book Number 9781445443188
100 ## - MAIN ENTRY--PERSONAL NAME
Personal name Butterfield, Moira.
9 (RLIN) 75196
245 ## - TITLE STATEMENT
Title Over 1000 facts:
Remainder of title things, people, places and animals that are simply disgusting /
Statement of responsibility, etc Moira Butterfield.
260 ## - PUBLICATION, DISTRIBUTION, ETC. (IMPRINT)
Place of publication, distribution, etc London:
Name of publisher, distributor, etc Parragon;
Date of publication, distribution, etc 2011.
300 ## - PHYSICAL DESCRIPTION
Extent 224 p.
Other physical details col. pic.
Dimensions 26 cm.
650 ## - SUBJECT ADDED ENTRY--TOPICAL TERM
Topical term or geographic name as entry element Science.
942 ## - ADDED ENTRY ELEMENTS (KOHA)
Source of classification or shelving scheme
Koha item type NON FIC SECTION
Holdings
Withdrawn status Lost status Source of classification or shelving scheme Damaged status Not for loan Collection code Home library Current library Date acquired Total Checkouts Full call number Barcode Date last seen Price effective from Koha item type
          Non-Fiction Asian Hope Secondary Library Asian Hope Secondary Library 04/08/2026   500 BUT 211734 04/08/2026 04/08/2026 NON FIC SECTION

For any Logos Library related questions please contact Miss Art at swongnarasuk@asianhope.org.

For any Asian Hope Library related questions please contact Miss Raza at graza@asianhope.org.

Powered by Koha